Növekvő export ipari szövetkezetekből

Elmentve itt :
Bibliográfiai részletek
Dokumentumtípus: Cikk
Megjelent: 1977-05-11
Sorozat:Délmagyarország 67 No. 109
Kulcsszavak:Csongrád megye, Ipar szövetkezeti ipar Csongrád megye
Online Access:http://dmarchiv.bibl.u-szeged.hu/85296
LEADER 00453nab a2200145 i 4500
001 delm85296
005 20190619090958.0
008 190604s1977 hu o 0|| hun d
040 |a SZTE Délmagyarország Archívum  |b hun 
041 |a hun 
245 0 0 |a Növekvő export ipari szövetkezetekből  |h [elektronikus dokumentum] 
260 |c 1977-05-11 
300 |a 1 
490 0 |a Délmagyarország  |v 67 No. 109 
695 |a Csongrád megye, Ipar szövetkezeti ipar Csongrád megye